| 000 -LEADER |
| fixed length control field |
00609nam a2200217Ia 4500 |
| 001 - CONTROL NUMBER |
| control field |
7814 |
| 003 - CONTROL NUMBER IDENTIFIER |
| control field |
GE_BSU |
| 008 - FIXED-LENGTH DATA ELEMENTS--GENERAL INFORMATION |
| fixed length control field |
181216s||||||||xx |||||||||||||| ||und|| |
| 040 ## - CATALOGING SOURCE |
| Transcribing agency |
GE_BSU |
| 080 ## - UNIVERSAL DECIMAL CLASSIFICATION NUMBER |
| Universal Decimal Classification number |
536.24 |
| 245 ## - TITLE STATEMENT |
| Title |
Основы теорий тепло обмена. |
| 245 ## - TITLE STATEMENT |
| Statement of responsibility, etc. |
Ред. С.О.ОмбЫш-Кузнецов. |
| 250 ## - EDITION STATEMENT |
| Edition statement |
Изд 4-ое, дополненное. |
| 260 ## - PUBLICATION, DISTRIBUTION, ETC. |
| Place of publication, distribution, etc. |
Новосибирск. |
| 260 ## - PUBLICATION, DISTRIBUTION, ETC. |
| Name of publisher, distributor, etc. |
Наука. |
| 260 ## - PUBLICATION, DISTRIBUTION, ETC. |
| Date of publication, distribution, etc. |
1970. |
| 300 ## - PHYSICAL DESCRIPTION |
| Extent |
658стр. 22 см. |
| 300 ## - PHYSICAL DESCRIPTION |
| Accompanying material |
табл. |
| 653 ## - INDEX TERM--UNCONTROLLED |
| Uncontrolled term |
Основы теорий тепло обмена. |
| 942 ## - ADDED ENTRY ELEMENTS (KOHA) |
| Koha item type |
წიგნი |